| 000 | 00713nam a22002417a 4500 | ||
|---|---|---|---|
| 005 | 20170124110029.0 | ||
| 010 | _a461548 | ||
| 020 | _c00.00 | ||
| 035 | _a461548 | ||
| 037 | _bCen Lib/Ret | ||
| 040 |
_aDPL _bEN |
||
| 082 |
_a572 _bCOO |
||
| 100 |
_aCoon, Carletton S. _972550 |
||
| 245 |
_aThe living races of man / _cby Carleton S. Coon [and] Edward E. Hunt |
||
| 260 |
_a London _bJonathan Cape _c1965 |
||
| 270 |
_a Thirty Bedford Square _bLondon |
||
| 300 |
_axx,344p. : _c22cm(Hb) _bill. |
||
| 500 | _aIncludes bibliographical references and index | ||
| 650 |
_aRace _920057 |
||
| 650 |
_aEthnology _972551 |
||
| 700 |
_aHunt, Edward E. _921291 |
||
| 942 |
_2ddc _cEN _h572 _mCOO |
||
| 999 |
_c127708 _d127708 |
||